Words Containing “ran” - Statistics

General Stats
  • This quiz has been taken 55 times
  • The average score is 14 of 25
Answer Stats
Hint Answer % Correct
The parent of one’s parent. G Grandparent
90%
A practical joke or mischievous trick. P Prank
80%
An eating establishment in which diners are served food. R Restaurant
76%
Of or relating to the skull. C Cranial
72%
A short note serving as a reminder. M Memorandum
72%
To bestow upon or confer, particularly in answer to prayer or request. G Grant
70%
The way something looks; personal presence. A Appearance
68%
One of the four sections made by dividing an area with two perpendicular lines. Q Quadrant
68%
To change greatly the appearance or form of. T Transform
68%
A particular way in which items are organized. A Arrangement
66%
A shrub belonging to the section Vaccinium sect. Oxycoccus of the genus Vaccinium, or the edible red berry of that shrub. C Cranberry
64%
Sweet-smelling; having a pleasant (usually strong) scent. F Fragrant
62%
To kill someone by squeezing the throat so as to cut off the oxygen supply; to choke, suffocate or throttle. S Strangle
62%
Anything that assures a certain outcome. G Guarantee
60%
Defeated an enemy and invaded in great numbers, seizing the enemy positions conclusively. O Overran
52%
A drug used to reduce anxiety or tension. T Tranquilizer
50%
The act of conveying, or the state of being conveyed; conveyance, often of people, goods etc. T Transportation
50%
Rank in taste or smell. R Rancid
48%
Close-minded about new or different ideas; indisposed to tolerate contrary opinions or beliefs; impatient of dissent or opposition; denying or refusing the right of private opinion or choice in others; inclined to persecute or suppress dissent. I Intolerant
42%
To arrange in a haphazard manner. R Randomize
40%
That which serves to keep in or bring to mind; a memento, a memorial, a souvenir, a token; a memorandum or note of something to be remembered. R Remembrance
38%
To deprive someone of the right to vote. D Disenfranchise
34%
Unwilling to compromise or moderate a position; unreasonable. I Intransigent
20%
Existing or created in the same period of time. C Contemporaneous
16%
Having greater or the greatest weight, quantity, importance or force. P Preponderant
6%
No matching quizzes found
Score Distribution
Percent of People with Each Score
Percentile by Number Answered
Your Score History
You have not taken this quiz